000 00520nam a2200217Ia 4500
003 OSt
005 20220924133752.0
006 a|||||r|||| 00| 0
007 ta
008 220923b |||||||| |||| 00| 0 snd d
024 _a268704
037 _cTextual
040 _aARTS
_cARTS
_bsnd
041 _2snd
_asnd
082 _aO1593,1x, K7
100 _aJagatyani
_9207291
245 0 _aKhobil jo kalam
260 _c1967
942 _hO1593,1x, K7
_cTEXL
_2CC
999 _c435102
_d435102